Normal view
MARC view
Entry Personal Name
001 - CONTROL NUMBER
- control field: 83567
003 - CONTROL NUMBER IDENTIFIER
- control field: dpl
005 - DATE AND TIME OF LATEST TRANSACTION
- control field: 20250801111905.0
008 - FIXED-LENGTH DATA ELEMENTS
- fixed length control field: 250801|| aca||aabn | a|a d
040 ## - CATALOGING SOURCE
- Original cataloging agency: dpl
- Transcribing agency: dpl
100 ## - HEADING--PERSONAL NAME
- Personal name: Agrawal, shobha
670 ## - SOURCE DATA FOUND
- Source citation: Work cat.: (dpl)212775: Agrawal, shobha, Growth of indian economy through indian knowledge system/, 2025
